000 00651cam a2200229 a 4500
001 16154222
005 20180302043838.0
008 100325s2010 mnu 001 0 eng
010 _a 2010288600
020 _a9780314200457
040 _aDLC
_cDLC
041 _aeng
043 _an-us---
080 _a343.9
082 _2343.9 ABR
100 1 _a13
101 _aSHJ
245 1 0 _aFederal criminal law and its enforcement /
_cby Norman Abrams, Sara Sun Beale, Susan Riva Klein.
906 _a7
_bcbc
_corigcop
_d2
_encip
_f20
_gy-gencatlg
942 _2ddc
_cBK
999 _c43984
_d43984